|
|
|
|
| LEADER |
00000nab a2200000uu 4500 |
| 001 |
vtls011434142 |
| 003 |
SK-MaSNL |
| 005 |
20260303145835.0 |
| 008 |
230222|1998 xo |||||||||||||||||slo| |
| 015 |
|
|
|a SNBRB
|
| 035 |
|
|
|a (urnnbn)urn:nbn:sk:snk:ar-001qti
|
| 035 |
|
|
|a (uuid)1380b9d2-3836-49c9-8ed6-7a4ff407b8b9
|
| 035 |
|
|
|a urn:nbn:sk:snk-abca1x
|
| 040 |
|
|
|a SNKBUCL
|b slo
|c SNKBUCL
|e AACR2
|
| 041 |
0 |
|
|a slo
|
| 044 |
|
|
|a xo
|c SK
|
| 100 |
1 |
|
|a Okáli, Ilja,
|d 1934-2002
|4 aut
|9 109204
|
| 245 |
1 |
0 |
|a TŔŇOVKOVITÉ (AUCHENORHYNCHA, MEMBRACIDAE) SLOVENSKA
|c Ilja Okáli, Vladimír Janský
|
| 700 |
1 |
|
|a Janský, Vladimír,
|d 1957-
|4 aut
|9 27936
|
| 773 |
0 |
|
|t Zborník Slovenského národného múzea
|g Roč. 44, č. 44 (1998), s. 50-60
|
| 954 |
|
|
|a odborná, vedecká literatúra pôvodná (slovenská)
|2 lita
|
| 958 |
|
|
|a OND
|
| 958 |
|
|
|a EUIPO
|
| 958 |
|
|
|a article16
|
| 999 |
|
|
|c 2005702
|d 2007632
|